Možnosti využitia výpočtovej techniky v zdokonaľovaní obchodných činností vZVL Odbyt, koncernová obchodná organizácia Žilina záverečná práca postgraduálneho štúdia
Saved in:
| Main Author: | |
|---|---|
| Corporate Author: | |
| Other Authors: | |
| Format: | Book |
| Language: | Slovak |
| Published: |
Bratislava
1989
|
| Tags: |
No Tags, Be the first to tag this record!
|
MARC
| LEADER | 00000nam a2200000 4500 | ||
|---|---|---|---|
| 001 | c028291 | ||
| 005 | 20221215070928.2 | ||
| 041 | 0 | |a slo | |
| 044 | |a SK | ||
| 245 | 1 | 0 | |a Možnosti využitia výpočtovej techniky v zdokonaľovaní obchodných činností vZVL Odbyt, koncernová obchodná organizácia Žilina |b záverečná práca postgraduálneho štúdia |c Kamila Bukovinská ; Ved. práce Viliam Körmendy |
| 264 | 1 | |a Bratislava |c 1989 | |
| 300 | |a 47 s. |e príl. | ||
| 100 | 1 | |a Bukovinská, Kamila | |
| 700 | 1 | |a Körmendy, Viliam | |
| 710 | 2 | |a Vysoká škola ekonomická v Bratislave | |